000 00553nam a22002177a 4500
003 UA-OsUOA
001 108338
007 ta
008 20141020b un ||||| |||| 00| 0 ukr d
100 _aШевченко А.
090 _a32
_bШ37
942 _cSA
040 _aUA-OsUOA
_bukr
_cUA-OsUOA
_dUA-OsUOA
245 _aВерховна Рада ухвалила пакет антикорупційних законів
300 _aС.1-2
955 _a0
041 _aukr
080 _a32
773 0 _w108337
650 7 _a32 Політика
_2UDC
999 _c394226
_d394226